Foods #1 - Statistics

General Stats
  • This quiz has been taken 37 times
  • The average score is 13 of 16
Answer Stats
Picture Answer % Correct
Carrot
100%
Ice Cream
100%
Pizza
100%
Ketchup
97%
Lime
97%
Taco
94%
Turkey
91%
Pasta
88%
Avocado
85%
Fish & Chips
79%
Potato Chip
68%
Rib
65%
Basil
62%
Wrap
59%
Bison
47%
Parsnip
44%
No matching quizzes found
Score Distribution
Percent of People with Each Score
Percentile by Number Answered
Your Score History
You have not taken this quiz